000 00633nam a2200205 a 4500
001 000049172
003 DO-SdBNP
005 20230221143755.0
007 ta
008 190725s2008 dr r 000 0 spa d
040 _aDO-SdBNP
_bspa
_cBNPHU
082 4 _a323.445
_bR426L, 2008
_222
110 2 _aRepública Dominicana
_9447
240 1 2 _a[Leyes, etc.]
245 1 0 _aLey general de libre acceso a la información pública No. 200-4 y decreto No. 130-05, que aprueba su reglamento.
260 _aSanto Domingo :
_bCamara de Diputados,
_c2008.
300 _a67 p. ;
_c21 cm.
590 _aInventariado, 2019/BT
942 _2ddc
_cLBS1
999 _c48660
_d48660